| 000 | 00802nam a22002297a 4500 | ||
|---|---|---|---|
| 999 |
_c8324 _d8324 |
||
| 001 | 8324 | ||
| 003 | BD-JhCC | ||
| 005 | 20221107134024.0 | ||
| 008 | 180222b2014 bg ||||| |||| 000 0 ben d | ||
| 035 | _a(BD-JhCC)8324 | ||
| 040 |
_aBD-JhCC _dBD-JhCC |
||
| 041 | _aben | ||
| 082 |
_a540 _bLIN 2014 |
||
| 100 | _aলিংকন, মাহবুব হাসান | ||
| 245 |
_aরসায়ন দ্বিতীয় পত্র (একাদশ-দ্বাদশ) / _c মাহবুব হাসান লিংকন |
||
| 260 |
_aঢাকাঃ _bঅক্ষর প্রত্র, _c2014. |
||
| 300 |
_a275 p. : _c24 cm. |
||
| 650 | _aChemistry | ||
| 700 | _aড.মো:আব্দুল করিম, মো:নুরুল ইসলাম | ||
| 942 |
_2ddc _cBK _08 |
||